Countries with embassies and consulates in Suriname - Statistics

General Stats
  • This quiz has been taken 73 times
  • The average score is 11 of 12
Answer Stats
Continent Country % Correct
South America Brazil
100%
North America United States of America
100%
Asia China
98%
South America Guyana
98%
South America Venezuela
96%
South America Argentina
95%
Europe France
93%
Europe the Netherlands
93%
North America Cuba
84%
Asia India
80%
Asia Indonesia
75%
North America Haiti
70%
No matching quizzes found
Score Distribution
Percent of People with Each Score
Percentile by Number Answered
Your Score History
You have not taken this quiz